Zgadnij postać z Supa strikas po zdjęciu - Statystyki

Ogólne statystyki
  • Ten quiz został rozwiązany 73 razy
  • Średni wynik to 11 z 13
Statystyki odpowiedzi
Obrazkowy Odpowiedź % Poprawnych
El matador
97%
Ściana
97%
Wielki bo
95%
Gibki rasta
92%
Shaker
92%
Skrętny tygrys
92%
Klaus
90%
Spenza
89%
Trener
89%
Luźny joe
87%
North shaw
77%
Griz
68%
Blancas
16%
Nie znaleziono quizów pasujących do podanych kryteriów
Rozkład punktacji
Procent ludzi z każdym wynikiem
Percentyl według liczby udzielonych odpowiedzi
Twoja historia wyników
Nie rozwiązałeś tego quizu